[Event "5th Varna Open"]
[Site "Golden Sands BUL"]
[Date "2011.07.09"]
[Round "8"]
[White "Bayramov,E"]
[Black "Granovskiy,A"]
[Result "0-1"]
[WhiteElo "2055"]
[BlackElo "2288"]

1.e4 g6 2.d4 Bg7 3.Nc3 d6 4.Be3 c6 5.Nf3 Qb6 6.Rb1 Qc7 7.Bd3 b5 8.O-O Nf6
9.h3 O-O 10.Ne2 Nbd7 11.Ng3 a5 12.c3 Nb6 13.Qc1 Be6 14.b3 a4 15.c4 axb3 16.axb3 bxc4
17.bxc4 c5 18.e5 dxe5 19.d5 Bc8 20.Nxe5 Nfxd5 21.cxd5 Bxe5 22.Be4 Ra5 23.Bd2 Ra4
24.Qc2 Rc4 25.Qd3 Rd4 26.Qc2 Nxd5 27.Ne2 Nb4 28.Nxd4 Nxc2 29.Nxc2 Rd8 30.Be3 Bh2+
31.Kh1 Bf4 32.Rfc1 Qe5 33.Bf3 Bf5 34.Rb5 Bxc2 35.Rxc2 Bxe3 36.fxe3 Rc8 37.Rb3 h5
38.Rc4 Kg7 39.Re4 Qd6 40.Rc3 Rb8 41.Rc1 Rb4 42.Rec4 Rxc4 43.Rxc4 Qe5 44.e4 Qa1+
45.Kh2 Qa3 46.Kg3 Qe3 47.h4 e5 48.Kh3 Kf6 49.Kh2 Ke6 50.Ra4 Qd3 51.Ra1 c4
52.Bd1 Qxe4  0-1

[Event "TCh-TUR 2011"]
[Site "Konya TUR"]
[Date "2011.07.09"]
[Round "13"]
[White "Vatansever,Buse"]
[Black "Keskin,Suara"]
[Result "1-0"]
[WhiteElo "1585"]
[BlackElo "1693"]

1.e4 g6 2.d4 Bg7 3.Nc3 d6 4.f4 c6 5.Nf3 Bg4 6.Be3 Nd7 7.Bd3 Bxf3 8.Qxf3 Qb6
9.O-O-O Bxd4 10.Bxd4 Qxd4 11.e5 Qb6 12.exd6 e6 13.g4 O-O-O 14.Ne4 Ngf6 15.Nd2 Nd5
16.Nc4 Qd4 17.f5 Ne5 18.Nxe5 Qxe5 19.fxe6 fxe6 20.Rhe1 Qxd6 21.h4 Rhf8 22.Qh1 Qf4+
23.Kb1 Qxg4 24.Re4 Rf4 25.Rg1 Qh5 26.Rg5 Qf3 27.Qxf3 Rxf3 28.a3 Rf4 29.Rxd5 Rxe4
30.Rxd8+ Kxd8 31.Bxe4 Ke7 32.Kc1 Kf6 33.Kd2 Ke5 34.Ke3 a6 35.b4 Kd6 36.Kf4 e5+
37.Kg5 Ke6 38.Kh6 Kf6 39.Kxh7 g5 40.h5 g4 41.h6 Kf7 42.c4 g3 43.b5 c5 44.b6 a5
45.Bxb7  1-0

[Event "XXVI Tadeusza Gniota"]
[Site "Police POL"]
[Date "2011.07.09"]
[Round "6.8"]
[White "Jacek,K"]
[Black "Moritz,A"]
[Result "1/2-1/2"]
[WhiteElo "2111"]
[BlackElo "2091"]

1.e4 g6 2.d4 Bg7 3.Nc3 d6 4.Nf3 a6 5.Bd3 b5 6.Be3 Nd7 7.Ne2 Bb7 8.Qd2 Ngf6
9.Bh6 O-O 10.Ng3 e5 11.Bxg7 Kxg7 12.dxe5 Nxe5 13.Nxe5 dxe5 14.h4 c5 15.h5 c4
16.hxg6 fxg6 17.Qh6+ Kg8 18.Be2 Rf7 19.f3 Qb6 20.Qg5 c3 21.b3 Rd8 22.Bd3 Nxe4
23.Bxe4 Rd2 24.Ne2 Bxe4 25.Qxe5 Qe3 26.Qe8+ Rf8 27.Qe6+ Rf7 28.Qc8+ Rf8  1/2-1/2

[Event "St Pauli Open"]
[Site "Hamburg GER"]
[Date "2011.07.10"]
[Round "2.26"]
[White "Zacharias,C"]
[Black "Schiele,L"]
[Result "1/2-1/2"]
[WhiteElo "2256"]
[BlackElo "2052"]

1.e4 g6 2.d4 Bg7 3.Nc3 d6 4.Be3 c6 5.Qd2 e5 6.h3 Nf6 7.Nf3 Qe7 8.O-O-O Nbd7
9.g4 O-O 10.dxe5 dxe5 11.g5 Nh5 12.Qd6 Qxd6 13.Rxd6 Re8 14.Bc4 Bf8 15.Rdd1 Bc5
16.Bxc5 Nxc5 17.b4 Be6 18.Bxe6 Nxe6 19.h4 a5 20.a3 axb4 21.axb4 Nc7 22.Kb2 Re7
23.Ra1 Nf4 24.Rxa8+ Nxa8 25.Rd1 Nb6 26.Kb3 Nh3 27.Nh2 Kf8 28.Ng4 Kg7 29.Nf6 Re6
30.Rd8 Rxf6 31.gxf6+ Kxf6 32.Nd1 Ke6 33.Rb8 Nf4 34.Kc3 Na4+ 35.Kd2 b5 36.Ne3 h5
37.f3 Nb2 38.Rb6 Kd6 39.Rb7 f6 40.Ke1 Na4 41.Kd2 Nb2 42.Kc3 Na4+ 43.Kb3 Ne2
44.Rg7 Nd4+ 45.Ka2 Nxf3 46.Rxg6 Nc3+ 47.Kb2 Nxe4 48.Ng2 Ke6 49.Rg7 Kd6 50.Rh7 Ng3
51.Rf7 Ke6 52.Rc7 Kd6 53.Rf7 Ke6 54.Rc7 Kd6  1/2-1/2

[Event "19th Klatovy Open"]
[Site "Klatovy CZE"]
[Date "2011.07.10"]
[Round "9"]
[White "Vlasak,Lu"]
[Black "Kubecka,D"]
[Result "1/2-1/2"]
[WhiteElo "2308"]
[BlackElo "2226"]

1.e4 g6 2.d4 Bg7 3.Nc3 d6 4.f4 a6 5.Nf3 b5 6.e5 d5 7.Bd3 Bg4 8.h3 Bxf3 9.Qxf3 e6
10.Be3 h5 11.g4 c5 12.dxc5 Nc6 13.O-O-O Nge7 14.Ne2 Qc7 15.gxh5 Rxh5 16.Nd4  1/2-1/2

[Event "Myrhorod Open A"]
[Site "Myrhorod UKR"]
[Date "2011.07.10"]
[Round "3.8"]
[White "Kutsyj,A"]
[Black "Arkhipov,Vl1"]
[Result "1-0"]
[WhiteElo "2339"]
[BlackElo "2131"]

1.e4 g6 2.d4 Bg7 3.Nc3 d6 4.f4 Nf6 5.Nf3 O-O 6.Bd3 c5 7.dxc5 dxc5 8.e5 Nd5
9.Nxd5 Qxd5 10.Qe2 Bf5 11.Bxf5 gxf5 12.c4 Qc6 13.O-O Na6 14.Be3 Rad8 15.Rad1 Qc8
16.a3 Rxd1 17.Rxd1 Rd8 18.Rd3 h6 19.Qd1 Rxd3 20.Qxd3 b6 21.Bf2 Nb8 22.Bh4 Nc6
23.Kf2 Kf8 24.Ke2 Ke8 25.Qd5 Qd7 26.Be1 e6 27.Qxd7+ Kxd7 28.Bc3 Bf8 29.Kd3 Ne7
30.Ng1 Ng6 31.Ke3 a6 32.Ne2 Be7 33.Ng3 Nh4 34.Kf2 b5 35.b3 Bd8 36.Nh5 Ng6
37.Ke3 Kc6 38.h3 Nf8 39.g4 fxg4 40.hxg4 Nd7 41.Ke4 Be7 42.Bd2 bxc4 43.bxc4 Nb6
44.Kd3 Nd7 45.Ba5 Bh4 46.Bc3 Bd8 47.Ng7 Bh4 48.Nh5 Bd8 49.Ng3 Bh4 50.Ne4 Be7
51.Nd2 Bh4 52.Nf3 Bg3 53.Bd2 Kb7 54.Be3 Kc6 55.Ke2 f6 56.exf6 Nxf6 57.Ne5+ Kb6
58.Kf3 Bh4 59.g5 hxg5 60.fxg5 Ne8 61.Kg4 Be1 62.Nd3 Bc3 63.Nxc5 Ka5 64.Nxe6 Bb2
65.Bc5 Ka4 66.Be7 a5 67.Nc5+ Kxa3 68.Nd3+ Kb3 69.Nxb2 Kxb2 70.c5 Kc3 71.c6 Kc4
72.g6 Kd5 73.c7 Nxc7 74.g7 Ke6 75.g8=Q+ Kxe7 76.Qg5+ Kd6 77.Qxa5  1-0

[Event "9th Niki Open"]
[Site "Nachod CZE"]
[Date "2011.07.10"]
[Round "9.31"]
[White "Zoubek,D"]
[Black "Neubauer,V"]
[Result "1-0"]
[WhiteElo "1680"]
[BlackElo "1906"]

1.e4 g6 2.d4 Bg7 3.Nc3 d6 4.Be3 Nc6 5.Qd2 Nf6 6.f3 e5 7.d5 Ne7 8.O-O-O a6
9.Bh6 b5 10.Bxg7 Rg8 11.Bxf6 h5 12.Qg5 Bd7 13.Bxe7 Qxe7 14.Qxe7+ Kxe7  1-0

[Event "Lev Polugaevsky Mem"]
[Site "Samara RUS"]
[Date "2011.07.10"]
[Round "6"]
[White "Matsenko,A"]
[Black "Kondenko,A"]
[Result "1/2-1/2"]
[WhiteElo "2097"]
[BlackElo "2237"]

1.e4 g6 2.d4 Bg7 3.Nc3 d6 4.f4 a6 5.Nf3 e6 6.Bd3 Nc6 7.Be3 Nf6 8.e5 Ng4 9.Bg1 Nh6
10.Bf2 dxe5 11.fxe5 Nf5 12.g4 Nfe7 13.Qd2 h5 14.g5 b6 15.O-O-O Bb7 16.Ne4 Nf5
17.Nf6+ Bxf6 18.gxf6 Qd5 19.Be2 Qxa2 20.c4 Na5 21.Qc3 Nb3+ 22.Kc2 Be4+ 23.Bd3 Bxf3
24.Qxb3 Qxb3+ 25.Kxb3 O-O-O 26.Kc3 Rd7 27.Rhe1 Bxd1 28.Rxd1 Rhd8 29.Be4 c5
30.d5 a5 31.Kb3 exd5 32.Bxd5 Re8 33.Re1 Kc7 34.Kc3 Red8 35.Rd1 Re8 36.Re1 Red8
37.Rd1 Re8 38.Re1 Red8  1/2-1/2

[Event "St Pauli Open"]
[Site "Hamburg GER"]
[Date "2011.07.11"]
[Round "3.11"]
[White "Meyer,Mal"]
[Black "Engelbert,C"]
[Result "1-0"]
[WhiteElo "2315"]
[BlackElo "2174"]

1.e4 g6 2.d4 Bg7 3.Nc3 d6 4.h3 a6 5.a4 Nf6 6.g4 O-O 7.Bg2 e5 8.Nge2 Nc6 9.Be3 Nd7
10.d5 Ne7 11.Ng3 Nb6 12.Qe2 c6 13.a5 Nd7 14.dxc6 bxc6 15.Qd2 Rb8 16.b3 Qc7
17.O-O f5 18.exf5 gxf5 19.Bh6 f4 20.Bxg7 Kxg7 21.Nh5+ Kh8 22.Rad1 d5 23.Na4 Qd6
24.Rfe1 Rb5 25.Bf1 Rb8 26.Qc1 Ng6 27.Qa1 Nf6 28.Nxf6 Qxf6 29.Nc5 h5 30.f3 hxg4
31.hxg4 Bxg4 32.fxg4 f3 33.Kf2 Qh4+ 34.Ke3 Qxg4 35.Kd3 Rb4 36.Rxe5 Nxe5+
37.Qxe5+ Kg8 38.Kc3 Rbb8 39.Bh3 Rbe8 40.Ne6 d4+ 41.Rxd4  1-0

[Event "Oberwart Open"]
[Site "Oberwart AUT"]
[Date "2011.07.11"]
[Round "3"]
[White "Schwarhofer,C"]
[Black "Seifert,Mi"]
[Result "1/2-1/2"]
[WhiteElo "2264"]
[BlackElo "2153"]

1.e4 g6 2.d4 Bg7 3.Nc3 d6 4.f4 Nc6 5.Be3 Nf6 6.Nf3 O-O 7.Qd2 Ng4 8.O-O-O Nxe3
9.Qxe3 a6 10.h3 b5 11.g4 b4 12.Ne2 a5 13.f5 a4 14.h4 Ba6 15.h5 Bxe2 16.Bxe2 b3
17.cxb3 a3 18.hxg6 axb2+ 19.Kxb2 Nb4 20.a3 Rxa3 21.Ra1 Rxa1 22.Rxa1 c5 23.Bc4 cxd4
24.gxf7+ Kh8 25.Qd2 d3+ 26.Kb1 d5 27.Qxb4 dxc4 28.Ra5 c3 29.Rd5 c2+ 30.Kc1 Qc7
31.e5 Ra8  1/2-1/2

[Event "3rd Magic Valley"]
[Site "Rodatychi UKR"]
[Date "2011.07.11"]
[Round "8"]
[White "Meleshko,V"]
[Black "Andrenko,I"]
[Result "1-0"]
[WhiteElo "2286"]
[BlackElo "2272"]

1.e4 g6 2.d4 Bg7 3.Nc3 d6 4.Be3 c6 5.Qd2 b5 6.h4 h5 7.Nh3 Nf6 8.f3 Nbd7 9.Bd3 Qc7
10.Ng5 a6 11.O-O-O Bb7 12.Rhe1 e5 13.f4 Ng4 14.fxe5 dxe5 15.d5 Nxe3 16.Qxe3 O-O
17.dxc6 Bxc6 18.Kb1 Nf6 19.Qc5 Rac8 20.Rf1 Bb7 21.Qxc7 Rxc7 22.Be2 Rfc8 23.a3 Ng4
24.Bxg4 hxg4 25.Nxf7 Rf8 26.Nd8 Rxf1 27.Rxf1 Bc8 28.Nd5 Rd7 29.Ne6 Rf7 30.Rxf7 Kxf7
31.Nxg7 g3 32.Kc1 Kxg7 33.Kd2 Kh6 34.Ke3 Kh5 35.Ne7 Bg4 36.Nc6 Bd1 37.c3 Kxh4
38.Nxe5 Kg5 39.Nf3+ Kg4 40.Nd4 Kg5 41.b4 Bg4 42.Nf3+ Kf6 43.Kf4 Bxf3 44.Kxf3 Ke5
45.Ke3 g5 46.Kd3 Ke6 47.c4 bxc4+ 48.Kxc4 Ke5 49.Kd3 Ke6 50.Kd4 Kd6 51.e5+ Ke6
52.Ke4 g4 53.a4  1-0

[Event "Pinnacle 48th COCC"]
[Site "Toronto CAN"]
[Date "2011.07.11"]
[Round "3"]
[White "Calugar,A"]
[Black "Fairbairn,S"]
[Result "1-0"]
[WhiteElo "2247"]
[BlackElo "2053"]

1.e4 d6 2.d4 g6 3.Nc3 Bg7 4.Be3 a6 5.a4 b6 6.f4 Bb7 7.Bd3 Nd7 8.Nf3 e6 9.O-O Ne7
10.f5 O-O 11.fxe6 fxe6 12.Ng5 Bh6 13.Qg4 Rxf1+ 14.Rxf1 Nf8 15.Qh4 Bg7 16.Rxf8+ Kxf8
17.Nxe6+ Kf7 18.Nxd8+ Rxd8 19.Bc4+ Kf8  1-0

[Event "Oberwart Open"]
[Site "Oberwart AUT"]
[Date "2011.07.12"]
[Round "4"]
[White "Heissenberger,A"]
[Black "Higatsberger,M"]
[Result "0-1"]
[WhiteElo "2038"]
[BlackElo "2161"]

1.e4 g6 2.d4 Bg7 3.Nc3 d6 4.h3 a6 5.Bd3 b5 6.Nf3 Nd7 7.O-O Bb7 8.a4 b4 9.Ne2 c5
10.c3 Ngf6 11.e5 Nh5 12.e6 fxe6 13.Ng5 Nf8 14.g4 Nf6 15.Nf4 Qd7 16.Qe2 Bh6
17.Ngxe6 Bxf4 18.Nxf4 cxd4 19.cxd4 Qc6 20.f3 g5 21.d5 Nxd5 22.Nxd5 Qxd5 23.Be4 Qe5
24.Bd3 Qxe2 25.Bxe2 Ne6 26.Bc4 Nf4 27.Kh2 Rf8 28.Be3 Rc8 29.Bb3 Kd7 30.Rad1 a5
31.Bb6 Ba6 32.Rfe1 Bc4 33.Bc2 Be2 34.Rd2 Bxf3 35.Bxa5 Rb8 36.Re3 Bc6 37.Rd4 e6
38.Bxb4 Nd5 39.Rxd5 Bxd5 40.Be1 Rxb2 41.Re2 Rc8  0-1

[Event "Oberwart Open"]
[Site "Oberwart AUT"]
[Date "2011.07.12"]
[Round "4"]
[White "Reinwald,P"]
[Black "Schwarhofer,C"]
[Result "1-0"]
[WhiteElo "2125"]
[BlackElo "2264"]

1.e4 d6 2.d4 g6 3.Nc3 Bg7 4.Be2 Nf6 5.h4 h5 6.Bg5 Nbd7 7.Nf3 c5 8.e5 Nh7
9.exd6 Nxg5 10.Nxg5 cxd4 11.Nb5 O-O 12.Kf1 e5 13.Nc7 Rb8 14.Nd5 Nf6 15.Ne7+ Kh8
16.Nxf7+ Rxf7 17.Nxg6+ Kh7 18.Nxe5 Be6 19.Nxf7 Bxf7 20.Qxd4 Ng4 21.Qe4+ Bg6
22.Qe7 Qb6 23.Bxg4 Re8 24.Qc7 Qxb2 25.Rd1 Qb5+ 26.c4 Qb4 27.d7 Bd3+ 28.Kg1 Re1+
29.Kh2 Be5+ 30.Qxe5  1-0

[Event "ch-Central Serbia Int Open A"]
[Site "Paracin SRB"]
[Date "2011.07.12"]
[Round "5.19"]
[White "Todorovic,Nenad I"]
[Black "Ardeleanu,A"]
[Result "0-1"]
[WhiteElo "1884"]
[BlackElo "2394"]

1.e4 g6 2.d4 Bg7 3.Nc3 d6 4.Be3 c6 5.Nf3 Nd7 6.a4 Ngf6 7.h3 Qc7 8.Be2 O-O
9.O-O b6 10.Qd2 a6 11.Bh6 Bb7 12.Bxg7 Kxg7 13.Qe3 e5 14.Rfd1 Rfe8 15.dxe5 dxe5
16.Nd2 b5 17.Nb3 Rad8 18.g3 h6 19.Kg2 b4 20.Nb1 Nxe4  0-1

[Event "8th South Wales Int"]
[Site "Penarth WLS"]
[Date "2011.07.12"]
[Round "7.8"]
[White "Sverrisson,N"]
[Black "Rudd,J"]
[Result "0-1"]
[WhiteElo "1919"]
[BlackElo "2278"]

1.e4 d6 2.d4 g6 3.Nc3 Bg7 4.Be3 Nd7 5.Nf3 e6 6.Bc4 a6 7.a4 b6 8.O-O Bb7 9.d5 e5
10.h3 Ne7 11.b4 h6 12.Nd2 f5 13.f3 f4 14.Bf2 g5 15.Be2 Nf6 16.a5 b5 17.Nxb5 axb5
18.Bxb5+ Kf7 19.a6 Bc8 20.c4 h5 21.c5 g4 22.cxd6 cxd6 23.Nc4 Ng6 24.Bb6 Qe7
25.a7 gxh3 26.Bc6 hxg2 27.Kxg2 Nxe4 28.fxe4 Qg5+ 29.Kh1 Qh4+ 30.Kg1 Qg3+
31.Kh1 Qh3+ 32.Kg1 Nh4 33.Nxd6+ Kg8 34.Qe2 Rh6 35.Qh2 Nf3+ 36.Rxf3 Rg6+ 37.Rg3 Rxg3+
38.Kh1 Qg4 39.Rg1 Qf3+ 40.Rg2 Bh3  0-1

[Event "St Pauli Open"]
[Site "Hamburg GER"]
[Date "2011.07.13"]
[Round "6.56"]
[White "Onken,Alexej"]
[Black "Ristic,Sr"]
[Result "0-1"]
[WhiteElo "1764"]
[BlackElo "1934"]

1.e4 d6 2.d4 g6 3.Nc3 Bg7 4.Be3 Nf6 5.f3 O-O 6.Qd2 e5 7.d5 a6 8.O-O-O Nbd7
9.h4 h5 10.Kb1 Nh7 11.g4 Ndf6 12.g5 Ne8 13.Bh3 b5 14.Bxc8 Rxc8 15.f4 f5 16.exf5 Rxf5
17.Nge2 exf4 18.Nxf4 Nf8 19.Qd3 Qd7 20.Rhf1 Bxc3 21.Qxc3 Ng7 22.Qd3 Re8 23.Bd4 c5
24.Bf6 Qf7 25.Nh3 c4 26.Qd4 Rxf1 27.Rxf1 Nf5 28.Qd2 Nxh4 29.Nf4 Nf5 30.Qf2 Ne3
31.Rh1 Nxd5 32.Rd1 Nxf4 33.Qxf4 d5 34.a3 a5 35.Qd6 b4 36.axb4 axb4 37.Qxb4 Nd7
38.Qd6 Nxf6 39.gxf6 Qe6 40.Qf4 Rf8 41.Rf1 Rf7 42.Kc1 Kh7 43.Kb1 Qe2 44.Rg1 Qe4
45.Qf2 Qe5 46.Rf1 d4 47.Qf4 Qxf4 48.Rxf4 d3 49.c3 g5 50.Rxc4 Rxf6 51.Re4 Rf3
52.b4 g4  0-1

[Event "Oberwart Open"]
[Site "Oberwart AUT"]
[Date "2011.07.13"]
[Round "5"]
[White "Meglitsch,K"]
[Black "Seifert,Mi"]
[Result "1/2-1/2"]
[WhiteElo "2068"]
[BlackElo "2153"]

1.e4 g6 2.d4 Bg7 3.Nc3 d6 4.f4 Nc6 5.Be3 Nf6 6.Nf3 O-O 7.Be2 Ng4 8.Bg1 e5
9.d5 Nb8 10.h3 Nf6 11.fxe5 dxe5 12.Be3 Nh5 13.O-O Ng3 14.Rf2 Nxe2+ 15.Qxe2 b6
16.Qd2 f5 17.Bg5 Bf6 18.Bxf6 Qxf6 19.Nb5  1/2-1/2

[Event "Open ch-SVK A"]
[Site "Banska Stiavnica SVK"]
[Date "2011.07.14"]
[Round "6"]
[White "Sepesi,Samuel"]
[Black "Vukovic,Ivo"]
[Result "0-1"]
[WhiteElo "1786"]
[BlackElo "2216"]

1.e4 g6 2.d4 Bg7 3.Nc3 d6 4.Be3 c6 5.f4 Nf6 6.Nf3 Ng4 7.Bg1 Qa5 8.Qd2 Nf6
9.O-O-O d5 10.Kb1 dxe4 11.Nxe4 Qxd2 12.Nxf6+ Bxf6 13.Rxd2 O-O 14.Bd3 Rd8
15.Ne5 Nd7 16.h3 Bg7 17.g4 Nxe5 18.dxe5 Kf8 19.Re2 b6 20.Bh2 c5 21.f5 Rxd3
22.cxd3 gxf5 23.g5 Ba6 24.Rd2 Rd8 25.Kc2 Rd5 26.Rf1 e6 27.Re1 Ke8 28.h4 Rd4
29.h5 Rh4 30.h6 Bf8 31.a3 Be7 32.Rg1 Bb7 33.Kc3 Bd5 34.b3 a5 35.Rb2 f4 36.Rf2 f3
37.Kd2 b5 38.Ke3 c4 39.d4 Re4+ 40.Kd2 Rxd4+ 41.Ke3 Bc5 42.b4 axb4 43.axb4 Bb6
44.Ra2 Rg4+ 45.Kd2 Bxg1  0-1

[Event "St Pauli Open"]
[Site "Hamburg GER"]
[Date "2011.07.14"]
[Round "7.46"]
[White "Maahs,E"]
[Black "Ristic,Sr"]
[Result "1-0"]
[WhiteElo "2098"]
[BlackElo "1934"]

1.e4 d6 2.d4 g6 3.Nc3 Bg7 4.f4 Nf6 5.Nf3 O-O 6.Be3 c6 7.Qd2 Nbd7 8.e5 Ng4
9.O-O-O Nxe3 10.Qxe3 d5 11.Bd3 e6 12.g4 f5 13.exf6 Nxf6 14.Ne5 Nd7 15.h4 Nxe5
16.fxe5 Bd7 17.g5 Be8 18.Ne2 Qc7 19.Kb1 a5 20.Nf4 Qe7 21.Qg3 c5 22.c3 cxd4
23.cxd4 b5 24.h5 gxh5 25.Nxh5 Bg6 26.Bxg6 hxg6 27.Nf6+ Kf7 28.Rhf1 Bxf6 29.Rxf6+ Ke8
30.Qd3 Rxf6 31.gxf6 Qf7 32.Rh1 Qg8 33.Qxb5+ Kd8  1-0

[Event "St Pauli Open"]
[Site "Hamburg GER"]
[Date "2011.07.14"]
[Round "7.19"]
[White "Frey,Al"]
[Black "Engelbert,C"]
[Result "1-0"]
[WhiteElo "2095"]
[BlackElo "2174"]

1.e4 g6 2.d4 Bg7 3.Nc3 d6 4.Be3 a6 5.f4 b5 6.Bd3 Nd7 7.Nf3 c5 8.e5 Bb7 9.O-O cxd4
10.Bxd4 Nh6 11.Kh1 O-O 12.a4 b4 13.Ne4 Nf5 14.Bg1 dxe5 15.Qe1 exf4 16.Qxb4 Bc6
17.Neg5 h6 18.Ne4 e6 19.Nc5 Rb8 20.Qxf4 Rxb2 21.Nxd7 Qxd7 22.Ne5 Qd5 23.Nxc6 Qxc6
24.Rab1 Rxb1 25.Rxb1 a5 26.Rb5 Nd6 27.Rxa5 e5 28.Qd2 Nc4 29.Bxc4 Qxc4 30.Ra7 e4
31.a5 f5 32.Qd7 Qc3 33.Qd5+ Kh8 34.Rxg7  1-0

[Event "SPA Open A"]
[Site "Amsterdam NED"]
[Date "2011.07.15"]
[Round "7"]
[White "Van Hengel,H"]
[Black "Ootes,La"]
[Result "1-0"]
[WhiteElo "2203"]
[BlackElo "2376"]

1.e4 d6 2.d4 g6 3.Nc3 Bg7 4.Bc4 Nf6 5.Be3 O-O 6.f3 c6 7.Bb3 Nbd7 8.Qd2 b5
9.h4 h5 10.Bh6 e5 11.g4 exd4 12.Bxg7 Kxg7 13.Qxd4 c5 14.Qxd6 c4 15.g5 Ne8
16.Qd4+ Kh7 17.Bxc4 bxc4 18.Qxc4 Nb6 19.Qc5 Ng7 20.Rd1 Qe8 21.Nge2 Ba6 22.Nd5 Nxd5
23.Qxd5 Bxe2 24.Kxe2 Ne6 25.Qe5 Rc8 26.Rd2 Qa4 27.b3 Qb4 28.c4 Rc5 29.Qf6 Qb8
30.Ke3 Kg8 31.f4 Rf5 32.exf5 Qxf4+ 33.Ke2 Qe4+ 34.Kf2 Nf4 35.Rh2 Re8 36.Qc3 Qxf5
37.Qf3 Qe5 38.Rh1 Qc5+ 39.Kf1 Qe5 40.Rd1 a5 41.Rh2 Nd5 42.Re2 Ne3+ 43.Kg1 Qc5
44.Qf2 Qc8 45.Rde1 Qg4+ 46.Kh2 Nf1+ 47.Qxf1 Qxh4+ 48.Qh3  1-0

[Event "SPA Open A"]
[Site "Amsterdam NED"]
[Date "2011.07.15"]
[Round "7"]
[White "Haria,R"]
[Black "Bottema,To"]
[Result "0-1"]
[WhiteElo "2073"]
[BlackElo "2247"]

1.e4 g6 2.d4 Bg7 3.Nc3 d6 4.Be3 Nc6 5.Qd2 e5 6.Nge2 Nf6 7.f3 O-O 8.O-O-O a6
9.h4 b5 10.d5 Ne7 11.g4 h5 12.Ng3 hxg4 13.h5 gxh5 14.Bg5 gxf3 15.Qh2 Ng4
16.Qxh5 f6 17.Bh3 Qe8 18.Bxg4 Qxh5 19.Bxh5 fxg5 20.Rdf1 g4 21.Nd1 Bh6+ 22.Kb1 Kg7
23.Nf2 Rf4 24.Nd3 Bd7 25.Nxf4 exf4 26.Nf5+ Bxf5 27.exf5 Nxf5 28.Bxg4 Ng3
29.Bxf3 Nxf1 30.Rxf1 Re8 31.Kc1 Re3 32.Kd1 Bg5 33.Be2 Re4 34.Rf3 Bf6 35.c3 Bg5
36.Rd3 Kf6 37.Bf3 Re8 38.Kc2 Bh4 39.Rd2 Rg8 40.Rg2 Bg3 41.Re2 Rg7 42.Kd3 Kf5
43.Rg2 Rg8 44.Re2 Rg7 45.Rg2 Kg5 46.Re2 Kh4 47.Ke4 Kh3 48.Bg2+ Kh2 49.Kf3 Kg1
50.Bh3 Rh7 51.Bf5 Rh5 52.Be4 Kf1 53.Rd2 Ke1 54.Re2+ Kd1 55.Rg2 Rh1 56.Bc2+ Kc1
57.Bd3 Re1 58.Be2 Kb1 59.b4 Rc1 60.Bd3+ Ka1 61.Bc2 Kxa2 62.Bf5+ Kb3 63.Bc8 Rxc3+
64.Kg4 f3 65.Rg1 f2 66.Rf1 Kxb4 67.Bxa6 Kc5 68.Bb7 Re3 69.Kh3 Re1 70.Kg2 Rxf1
71.Kxf1 b4 72.Ba6 Kd4 73.Kg2  0-1

[Event "111th ch-SUI"]
[Site "Leukerbad SUI"]
[Date "2011.07.15"]
[Round "9"]
[White "Duport,N SUI"]
[Black "Klauser,M"]
[Result "0-1"]
[WhiteElo "2169"]
[BlackElo "2386"]

1.e4 g6 2.d4 Bg7 3.Nc3 d6 4.Be3 a6 5.Qd2 b5 6.Bd3 Nd7 7.Nce2 c5 8.a3 Bb7
9.f3 e5 10.d5 Bh6 11.g4 Qh4+ 12.Ng3 Bxe3 13.Qxe3 h5 14.g5 Ne7 15.b3 O-O 16.c4 bxc4
17.Bxc4 Nb6 18.Ne2 Qh3 19.Ng1 Qd7 20.N1e2 a5 21.a4 Nxc4 22.bxc4 Ba6 23.Qd3 Qh3
24.Nc3 Qh4 25.Kf2 Qxg5 26.h4 Qh6 27.Rag1 Kh8 28.Rg2 Rfb8 29.Nb5 Bxb5 30.axb5 a4
31.Ne2 Nc8 32.Rg5 Nb6 33.f4 f6 34.Rgg1 exf4 35.e5 Kh7 36.exf6 Rf8 37.Qc3 Nd7
38.Rg5 Nxf6  0-1

[Event "Nana Aleksandria Cup"]
[Site "Poti GEO"]
[Date "2011.07.15"]
[Round "5"]
[White "Barsegyan,H"]
[Black "Gamzardia,G"]
[Result "0-1"]
[WhiteElo "1981"]
[BlackElo "2170"]

1.e4 g6 2.d4 Bg7 3.Nc3 d6 4.Nf3 e5 5.dxe5 dxe5 6.Qxd8+ Kxd8 7.Bc4 f6 8.Be3 Nd7
9.O-O-O Bh6 10.Nd5 Bxe3+ 11.Nxe3 c6 12.Nd2 Ke7 13.f3 b5 14.Bb3 Nh6 15.h4 f5
16.g4 fxg4 17.fxg4 Nc5 18.g5 Ng4 19.Nxg4 Bxg4 20.Rdf1 Rhf8 21.Rhg1 Be2 22.Re1 Rf2
23.Rg3 Raf8 24.Re3 Bh5 25.Rh1 R8f4 26.Rc3 Kd6 27.Bg8 Rf8 28.Bb3 Rg2 29.Re3 a5
30.a4 Rff2 31.Nf1 bxa4  0-1

[Event "3rd International Open"]
[Site "Rethymno GRE"]
[Date "2011.07.15"]
[Round "6"]
[White "Lappas,Konstantinos"]
[Black "Tsilidis,A"]
[Result "0-1"]
[WhiteElo "1972"]
[BlackElo "2278"]

1.e4 g6 2.d4 Bg7 3.Nc3 d6 4.Be3 Nf6 5.f3 h5 6.h4 c6 7.Qd2 b5 8.a3 a6 9.Nh3 Nbd7
10.O-O-O Bb7 11.Ng5 Qc7 12.Be2 a5 13.f4 b4 14.Nb1 c5 15.dxc5 Nxc5 16.Bb5+ Kf8
17.Bxc5 Qxc5 18.Bd3 Ng4 19.Rde1 Nf2 20.Rhf1 Nxd3+ 21.Qxd3 Ba6 22.Qb3 Bc4
23.Qa4 Bxf1 24.Rxf1 bxa3 25.bxa3 Qe3+ 26.Kd1 Qd4+ 27.Qxd4 Bxd4 28.f5 gxf5
29.Rxf5 Bf6 30.Nd2 Bxg5 31.Rxg5 f6 32.Rf5 Rg8 33.Rxh5 Rxg2 34.Rh8+ Rg8 35.Rh5 Kf7
36.Ke2 Rh8 37.Rxh8 Rxh8 38.Nf3 Kg6 39.Kd3 Kh5 40.Nd4 Kg4 41.Nf5 e6 42.Nxd6 Rd8
43.Kc4 Rxd6 44.Kb5 f5 45.exf5 exf5 46.c4 f4 47.c5 Rd1 48.c6 f3 49.c7 Rc1
50.Kb6 f2 51.Kb7 f1=Q 52.c8=Q+ Rxc8 53.Kxc8 Qf7 54.a4 Kf5 55.h5 Ke6 56.h6 Kd6
57.h7 Qc7+  0-1

[Event "34th Aegean Open"]
[Site "Aghios Kirykos GRE"]
[Date "2011.07.16"]
[Round "9"]
[White "Fahouri,N"]
[Black "Kamenets,A"]
[Result "0-1"]
[WhiteElo "1882"]
[BlackElo "2328"]

1.e4 g6 2.d4 Bg7 3.Nc3 d6 4.Be3 Nf6 5.f3 O-O 6.Qd2 a6 7.O-O-O b5 8.h4 h5
9.Bd3 Nbd7 10.Bg5 c5 11.dxc5 Nxc5 12.g4 b4 13.Nd5 Nxd5 14.exd5 Na4 15.gxh5 Bxb2+
16.Kb1 Qa5 17.Ne2 Qxd5 18.hxg6 f5 19.Bxe7 Be6 20.Nc1 Bg7 21.Be2 Qxd2 22.Rxd2 Nc3+
23.Ka1 Ne4+ 24.c3 Nxd2 25.Kb2 Rfe8 26.Bxd6 Bc4 27.Bd1 bxc3+ 28.Kc2 Rad8 29.Ba3 Nf1
30.Nb3 Bd3+  0-1

[Event "Nana Aleksandria Cup"]
[Site "Poti GEO"]
[Date "2011.07.16"]
[Round "6"]
[White "Qashashvili,A"]
[Black "Vakhania,A"]
[Result "1-0"]
[WhiteElo "2332"]
[BlackElo "2191"]

1.e4 g6 2.d4 Bg7 3.Nc3 d6 4.Be3 a6 5.a4 b6 6.g3 Bb7 7.Bg2 Nd7 8.Nge2 Ngf6
9.h3 O-O 10.O-O e5 11.d5 Ne8 12.g4 h6 13.Qd2 Kh7 14.Ng3 a5 15.Bf3 Qh4 16.Kg2 Nc5
17.Be2 Bc8 18.f3 f5 19.exf5 gxf5 20.Nxf5 Bxf5 21.gxf5 Bf6 22.Kh2 Bg5 23.Rg1 Qf2+
24.Bxf2 Bxd2 25.Ne4 Bf4+ 26.Bg3 Be3 27.Rge1 Ng7 28.Nxc5 Bxc5 29.Bd3 Nh5 30.Re4 Rg8
31.Rg4 Nxg3 32.Kxg3 Be3 33.Rg6 Rxg6+ 34.fxg6+ Kg7 35.Re1 Bd2 36.Re4 c5 37.dxc6 Rc8
38.Kg4 Rxc6 39.Kf5 Bf4 40.Ke6 Bc1 41.b3 Ba3 42.f4 exf4 43.Rxf4 Rc7 44.h4 Bb4
45.h5 Ba3 46.Rf5 Bc5 47.Bc4 Ra7 48.Bd5 Rc7 49.Rf4 Bb4 50.Rf2 Ba3 51.Re2 Kf8
52.Rf2+ Kg7 53.Rf7+ Rxf7 54.gxf7 Kf8 55.Kd7 Bc5 56.Kc6 Ke7 57.c3 Be3 58.b4 Bd2
59.Kxb6 axb4 60.cxb4 Bxb4  1-0

[Event "Miguel Najdorf Mem op A"]
[Site "Warsaw POL"]
[Date "2011.07.16"]
[Round "3.32"]
[White "Sawicki,M"]
[Black "Adamski,A"]
[Result "1/2-1/2"]
[WhiteElo "2045"]
[BlackElo "2269"]

1.e4 g6 2.d4 Bg7 3.Nc3 d6 4.f4 a6 5.Nf3 Nd7 6.e5 Nh6 7.Bd3 c5 8.exd6 cxd4
9.Ne2 Nc5 10.Nexd4 Qxd6 11.Be2 Ne6 12.Nxe6 Qxd1+ 13.Bxd1 Bxe6 14.c3 Nf5 15.Ne5 O-O-O
16.Bc2 Bxe5 17.fxe5 Rd5 18.Bf4 g5 19.Bxg5 Rxe5+ 20.Kf2 Rg8 21.Bf4 Rxg2+ 22.Kxg2 Re2+
23.Kf3 Rxc2 24.Rhd1 Nh4+ 25.Kg3 Rg2+ 26.Kxh4 Rg4+ 27.Kh5 Rxf4 28.Rf1 Rc4
29.Rf2 Rc5+ 30.Kh6 Bf5 31.Re1 Kd7 32.Kg7 Be6 33.Kxh7 Ke8 34.a3 Rh5+ 35.Kg7 Bf5
36.h4 e6 37.Rf4 Ke7 38.b4 Bg6 39.c4 e5 40.c5 Rh7+ 41.Kg8 Rh5 42.a4 Ke6 43.Rd4 Bc2
44.Rd6+ Ke7 45.Rb6 Bxa4 46.Rxb7+ Kd8 47.Rb6 Bb5 48.Kxf7 Rxh4 49.Rxe5 Rxb4
50.Kf6 Rf4+ 51.Kg5 Rf7 52.Rf5  1/2-1/2

[Event "SPA Open A"]
[Site "Amsterdam NED"]
[Date "2011.07.17"]
[Round "9"]
[White "Pauw,S"]
[Black "Ootes,La"]
[Result "0-1"]
[WhiteElo "2115"]
[BlackElo "2376"]

1.e4 d6 2.d4 g6 3.Nc3 Bg7 4.Be3 a6 5.f4 b5 6.Bd3 Bb7 7.Nf3 Nd7 8.e5 c5 9.Be4 Bxe4
10.Nxe4 Nh6 11.dxc5 Ng4 12.Qe2 dxe5 13.O-O-O Qc7 14.Nfg5 Nxe3 15.Qxe3 h6
16.Nh3 Rc8 17.Qd3 f5 18.Qg3 Nf8 19.Nc3 b4 20.Na4 Qc6 21.Qb3 Ne6 22.Rd6 Nxc5
23.Nxc5 Qxd6 24.Ne6 Bf6 25.Rd1 Qc6 26.fxe5 Bxe5 27.Nhf4 Bxf4+ 28.Nxf4 Qc4
29.Qa4+ Kf7 30.Nd3 Kg7 31.Re1 Qxd3  0-1

[Event "SPA Open A"]
[Site "Amsterdam NED"]
[Date "2011.07.17"]
[Round "9"]
[White "Van der Lende,I"]
[Black "Edeling,J"]
[Result "1-0"]
[WhiteElo "2141"]
[BlackElo "2115"]

1.e4 g6 2.d4 Bg7 3.Nc3 d6 4.Be3 a6 5.f4 b5 6.Bd3 Nd7 7.Nf3 c5 8.dxc5 Nxc5
9.Bxc5 dxc5 10.e5 Bb7 11.Be4 Qc7 12.Bxb7 Qxb7 13.Qd5 Qxd5 14.Nxd5 Rc8 15.a4 b4
16.O-O-O Nh6 17.Rd2 e6 18.Ne3 Ke7 19.Rhd1 Rcd8 20.Rxd8 Rxd8 21.Rxd8 Kxd8
22.Ng5 Nf5 23.Nxf5 exf5 24.Nxh7 Kd7 25.Kd2 Kc6 26.Kd3 Kd5 27.b3 Bh8 28.Ng5 f6
29.e6 Kd6 30.Nf7+  1-0

[Event "XIII Gdansk Open"]
[Site "Gdansk POL"]
[Date "2011.07.18"]
[Round "3.15"]
[White "Zielinski,Mac"]
[Black "Mucha,Marek"]
[Result "1-0"]
[WhiteElo "2060"]
[BlackElo "1617"]

1.e4 g6 2.d4 Bg7 3.Nc3 d6 4.Be3 Nf6 5.f3 c6 6.Qd2 Nbd7 7.O-O-O Qa5 8.Kb1 b5
9.h4 h5 10.Bf4 O-O 11.Nd5 Qd8 12.Nxf6+ Nxf6 13.Be2 a5 14.Bh6 Qb6 15.e5 dxe5
16.dxe5 Nd5 17.Bxg7 Kxg7 18.g4 hxg4 19.h5 Qe3 20.fxg4 Be6 21.Nh3 gxh5 22.gxh5 Bxh3
23.Rxh3 Qxh3 24.Qg5+  1-0